Countries with the most ____ - Statistics

General Stats
  • This quiz has been taken 44 times
  • The average score is 10 of 18
Answer Stats
Hint Answer % Correct
The biggest Russia
92%
The most sharks United States of America
89%
The most people India
83%
The most lakes Canada
81%
The most fruit China
81%
The most time zones France
81%
The most islands Sweden
75%
The smallest Vatican city
69%
The most animals Brazil
67%
The most pyramids Sudan
67%
The most languages Papua new guinea
58%
The safest Switzerland
44%
The most GDP per capita Monaco
36%
The most dangerous Afghanistan
33%
The most men (by %) Qatar
31%
The most rugby Fiji
25%
The best qualify of life (QOL) Netherlands
22%
The most women (by %) Djibouti
6%
No matching quizzes found
Score Distribution
Percent of People with Each Score
Percentile by Number Answered
Your Score History
You have not taken this quiz